| 000 | 01140nas a2200361 4500 | ||
|---|---|---|---|
| 001 | BR2015004390 | ||
| 003 | BR-BrBNA | ||
| 005 | 20231205125635.0 | ||
| 007 | ta | ||
| 008 | 230509b bl.|||p| |||| 00| 00por d | ||
| 040 |
_aBR-BrBNA _bpor _cBiblioteca Nacional de Agricultura |
||
| 041 | _a(Pt) | ||
| 072 | _aQ02 | ||
| 100 | 1 | _aRodrigues, A.M.D. | |
| 100 | 1 | _aCalvet, R.M. | |
| 100 | 1 | _aSilva, M. da C.M. da | |
| 100 | 1 | _aCardoso Filho, F. das C. | |
| 100 | 1 | _aMonte, A.M. | |
| 100 | 1 | _aPereyra, C.M. | |
| 100 | 1 | _aMuratori, M.C.S. | |
| 100 | 1 | _aNóbrega, F.C.G. | |
| 100 | 1 | _aPereira, M.M.G. | |
| 245 | 1 | _aQualidade microbiológica de castanhas de caju (Anacardium occidentale, L.)industrializadas e processadas artesanalmente | |
| 650 | _aCASTANHA DE CAJU | ||
| 650 | _aMICROBIOLOGIA DE ALIMENTO | ||
| 650 | _aCOLIFORME | ||
| 650 | _aFUNGO | ||
| 650 | _aTECNOLOGIA DE ALIMENTO | ||
| 650 | _aINDÚSTRIA DE ALIMENTO | ||
| 773 | 0 |
_tRevista do Instituto Adolfo Lutz (Brazil) _xISSN 0073-9855 _g(Apr-Jun 2012), v. 71(2) p. 415-419 _wBR2015004390 |
|
| 909 |
_a202311 _bLúcia _c55 _dLúcia Elande |
||
| 942 |
_2AGRIS _n0 _cANA |
||
| 999 |
_c245331 _d245331 |
||